Online
Catalog
Normal view MARC view

Entry Nombre de reunión

Number of records used in: 1

001 - NÚMERO DE CONTROL

  • campo de control: 53663

003 - IDENTIFICADOR DEL NÚMERO DE CONTROL

  • campo de control: OSt

005 - FECHA Y HORA DE LA ÚLTIMA TRANSACCIÓN

  • campo de control: 20200615034535.0

008 - DATOS DE LONGITUD FIJA

  • campo de control de longitud fija: 200615|| aca||aabn | a|a d

040 ## - FUENTE DE LA CATALOGACIÓN

  • Centro catalogador/agencia de origen: OSt
  • Centro/agencia transcriptor: OSt

111 ## - ENCABEZAMIENTO--NOMBRE DE CONGRESO/REUNIÓN

  • Nombre de congreso/reunión o jurisdicción como elemento de entrada: Feria Internacional del Libro
  • Número del congreso/reunión o número de parte o sección: (5 :
  • Fecha del congreso/reunión: 25 abril al 5 de mayo 2002 :
  • Sede del congreso/Lugar de la reunión: Santo Domingo, República Dominicana)

670 ## - FUENTE DE DATOS ENCONTRADOS

  • Cita de la fuente: Work cat.: (OSt)26051: Feria Internacional del Libro (5 : 25 abril al 5 de mayo 2002 : Santo Domingo, República Dominicana), Programa de actividades /., 2002.

Powered by Koha